Spanish Translations of Song Titles #6 - Statistics

General Stats
  • This quiz has been taken 477 times
    469 since last reset
  • The average score is 12 of 28
Answer Stats
Hint Answer % Correct
Septiembre September
95%
Idiota Americano American Idiot
90%
Respeto Respect
86%
Casa Home
80%
Kryptonita Kryptonite
75%
El León Duerme Esta Noche The Lion Sleeps Tonight
74%
La Mamá de Stacy Stacy's Mom
71%
Cuando un Hombre Ama a una Mujer When a Man Loves a Woman
66%
Novia Girlfriend
63%
El Video Mató a la Estrella de Rádio Video Killed the Radio Star
62%
No Hay Ninguna Montaña lo Suficientemente Alta Ain't No Mountain High Enough
49%
Londres Llamando London Calling
47%
Señorita Independiente Miss Independent
40%
Amante Fácil Easy Lover
38%
No Podemos Parar We Can't Stop
36%
Rock de la Cárcel Jailhouse Rock
31%
Las Caderas No Mienten Hips Don't Lie
29%
Te Amo Como una Canción de Amor Love You Like a Love Song
28%
Vela en el Viento Candle in the Wind
27%
Estado Imperio Mental Empire State of Mind
26%
Llévenme a Casa, Caminos Rurales Take Me Home, Country Roads
25%
Déjalo Caer Como si Fuera Caliente Drop It Like It's Hot
20%
¿No Sería Agradable? Wouldn't It Be Nice?
15%
Casa de Ladrillos Brick House
13%
Batido Milkshake
12%
Me Agito el Pelo Whip My Hair
12%
Manteniéndome con Vida Stayin' Alive
9%
El Sombreado Delgado Real The Real Slim Shady
9%
No matching quizzes found
Score Distribution
Percent of People with Each Score
Percentile by Number Answered
Your Score History
You have not taken this quiz since the last reset